[Event "ESP-ch U12"]
[Site "Salobrena"]
[Date "2023.07.14"]
[Round "8"]
[White "Collado Perez, Marcos"]
[Black "Alvarez Garcia, Maria"]
[Result "1-0"]
[WhiteElo "1503"]
[BlackElo "1241"]
[PlyCount "111"]
[EventDate "2023.07.10"]
[EventType "swiss"]
[EventRounds "9"]
[EventCountry "ESP"]
[SourceTitle "EXT 2024"]
[Source "ChessBase"]
[SourceDate "2023.10.10"]
[SourceVersion "1"]
[SourceVersionDate "2023.10.10"]
[SourceQuality "1"]

1. c4 e6 2. d4 d5 3. Nf3 Nf6 4. g3 Be7 5. Bg2 0-0 6. 0-0 h6 7. Bf4 b6 8. cxd5 exd5 9. Nc3 Bb7 10. Nb5 Bd6 11. Nxd6 cxd6 12. Rc1 Nc6 13. h4 Ne7 14. Qa4 Ng6 15. Bd2 Qe8 16. Qxe8 Rfxe8 17. Rc7 Ba6 18. Rfc1 Rxe2 19. Bf1 Ne4 20. Be3 Rxb2 21. Bxa6 Rxa2 22. Bb7 Rd8 23. Bxd5 Ra5 24. Bxe4 d5 25. Bxg6 fxg6 26. Rc8 Rxc8 27. Rxc8+ Kf7 28. Rc7+ Kf6 29. Ne5 Ra1+ 30. Kg2 b5 31. Rb7 a6 32. Nd7+ Ke6 33. Nc5+ Kd6 34. Rb6+ Kc7 35. Rxa6 Rxa6 36. Nxa6+ Kb6 37. Nc5 Kc6 38. Kf3 Kd6 39. Bf4+ Ke7 40. Be5 Kf7 41. Ke3 g5 42. hxg5 hxg5 43. g4 Kg6 44. Kd3 Kf7 45. Kc3 g6 46. Kb4 Ke7 47. Kxb5 Kf7 48. Kc6 Ke7 49. Kxd5 Kf7 50. Kc6 Ke8 51. Kc7 Kf8 52. Kd7 Kf7 53. Ne4 Kg8 54. Ke7 Kh7 55. d5 Kh6 56. d6 1-0